000 01000cad a22002415a 4500
001 E151063
008 100928s2009 xxk f 100 0 eng d
020 _a9781842195192
035 _a(Sirsi) u151063
041 0 _aeng
100 1 _aFatoye, Emmanuel
111 2 _aConstruction and Building Research Conference
_cUniversity of Cape Town
_d10-11 September 2009
245 0 0 _aOccupants' satisfaction approach to housing performance evaluation
_bthe case of Nigeria
_h[electronic resource]
260 _aLondon
_bRICS
_c2009
520 _aA paper presented at the COBRA Conference in Cape Town on 10-11 September 2009.
590 _aKA
650 2 4 _aCONSTRUCTION AND BUILDING RESEARCH CONFERENCE (COBRA)
651 4 _aNigeria
690 _aPROPERTY-RESIDENTIAL PROPERTY-DOMESTIC RESIDENTIAL PROPERTY-HOUSING
700 1 _aOdusami, K. T.
856 4 0 _uhttps://www.rics.org/site/scripts/download_info.aspx?fileID=5261&categoryID=524
_zView the item free of charge at www.rics.org
942 _n0
999 _c111122
_d111122